LDR 00688naa#a2200181#i#450# 001 EN\\bibl\106776 005 20260514170242.4 011 ## _a2071-7318 100 ## _a20260508b2026####ek#y0engy0150####ca 102 ## _aRU 200 1# _aSTRESS-STRAIN STATE OF SLIP-CRITICAL CONNECTIONS IN METAL STRUCTURES, WITH REGARD TO THE SPECIFICS OF BOLT TENSION CONTROL _eJournal article 210 1# _aBelgorod _cBelgorod State Technological University named after V.G. Shukhov _d2026 215 ## _a12 с. 608 ## _aJournal article _2local 675 ## _aиз стали (стальные конструкции). 624.014.2 _z 700 #1 _aVasilkin _gAndrey A. 700 #1 _aZubkov _gG. V. 856 4# _abulletinbstu.editorum.ru _u